| 000 | 00609nam a2200133Ia 4500 | ||
|---|---|---|---|
| 008 | 171212s9999 xx 000 0 und d | ||
| 020 | _a9781760461195 | ||
| 245 |
_ceditor Golley, Jane;Jaivin, Linda;Tomba, Luigi _aControl |
||
| 260 |
_bANU E Press _c2017 |
||
| 440 | _aChina Story Yearbook | ||
| 650 | _aPolitical Science | ||
| 650 | _aZhongguo gong chan dang -- Discipline; China -- Environment policy -- 21st century; China -- Social conditions -- 21st century; China -- Economic conditions -- 21st century; China -- Politics and government -- 21st century | ||
| 856 | _uhttp://jstor.org/stable/j.ctt1sq5tvf | ||
| 999 |
_c351053 _d351053 |
||